<?xml version="1.0" encoding="UTF-8"?>
<record
    xmlns:xsi="http://www.w3.org/2001/XMLSchema-instance"
    xsi:schemaLocation="http://www.loc.gov/MARC21/slim http://www.loc.gov/standards/marcxml/schema/MARC21slim.xsd"
    xmlns="http://www.loc.gov/MARC21/slim">

  <leader>01614nam a22003257a 4500</leader>
  <datafield tag="952" ind1=" " ind2=" ">
    <subfield code="0">0</subfield>
    <subfield code="1">0</subfield>
    <subfield code="4">0</subfield>
    <subfield code="7">0</subfield>
    <subfield code="a">03</subfield>
    <subfield code="b">03</subfield>
    <subfield code="d">2018-07-10</subfield>
    <subfield code="l">0</subfield>
    <subfield code="o">HD56 F54 2014</subfield>
    <subfield code="p">03 009849</subfield>
    <subfield code="r">2018-07-10</subfield>
    <subfield code="t">1</subfield>
    <subfield code="w">2018-07-10</subfield>
    <subfield code="y">LB</subfield>
  </datafield>
  <datafield tag="952" ind1=" " ind2=" ">
    <subfield code="0">0</subfield>
    <subfield code="1">0</subfield>
    <subfield code="4">0</subfield>
    <subfield code="7">0</subfield>
    <subfield code="a">12</subfield>
    <subfield code="b">12</subfield>
    <subfield code="d">2018-07-23</subfield>
    <subfield code="l">0</subfield>
    <subfield code="o">HD56 F54 2014</subfield>
    <subfield code="p">12 004575</subfield>
    <subfield code="r">2018-07-23</subfield>
    <subfield code="t">1</subfield>
    <subfield code="w">2018-07-23</subfield>
    <subfield code="y">LB</subfield>
  </datafield>
  <datafield tag="952" ind1=" " ind2=" ">
    <subfield code="0">0</subfield>
    <subfield code="1">0</subfield>
    <subfield code="4">0</subfield>
    <subfield code="7">0</subfield>
    <subfield code="a">22</subfield>
    <subfield code="b">22</subfield>
    <subfield code="d">2018-07-23</subfield>
    <subfield code="l">1</subfield>
    <subfield code="o">HD56 F54 2014</subfield>
    <subfield code="p">22 001927</subfield>
    <subfield code="r">2019-05-09</subfield>
    <subfield code="s">2019-05-09</subfield>
    <subfield code="t">1</subfield>
    <subfield code="w">2018-07-23</subfield>
    <subfield code="y">LB</subfield>
  </datafield>
  <datafield tag="952" ind1=" " ind2=" ">
    <subfield code="0">0</subfield>
    <subfield code="1">0</subfield>
    <subfield code="4">0</subfield>
    <subfield code="7">0</subfield>
    <subfield code="a">20</subfield>
    <subfield code="b">20</subfield>
    <subfield code="d">2018-07-26</subfield>
    <subfield code="l">0</subfield>
    <subfield code="o">HD56 F54 2014</subfield>
    <subfield code="p">20 003908</subfield>
    <subfield code="r">2018-07-26</subfield>
    <subfield code="t">1</subfield>
    <subfield code="w">2018-07-26</subfield>
    <subfield code="y">LB</subfield>
  </datafield>
  <datafield tag="952" ind1=" " ind2=" ">
    <subfield code="0">0</subfield>
    <subfield code="1">0</subfield>
    <subfield code="4">0</subfield>
    <subfield code="7">0</subfield>
    <subfield code="a">09</subfield>
    <subfield code="b">09</subfield>
    <subfield code="d">2018-07-31</subfield>
    <subfield code="l">0</subfield>
    <subfield code="o">HD56 F54 2014</subfield>
    <subfield code="p">09 004941</subfield>
    <subfield code="r">2018-07-31</subfield>
    <subfield code="t">1</subfield>
    <subfield code="w">2018-07-31</subfield>
    <subfield code="y">LB</subfield>
  </datafield>
  <datafield tag="952" ind1=" " ind2=" ">
    <subfield code="0">0</subfield>
    <subfield code="1">0</subfield>
    <subfield code="4">0</subfield>
    <subfield code="7">0</subfield>
    <subfield code="a">18</subfield>
    <subfield code="b">18</subfield>
    <subfield code="d">2018-08-08</subfield>
    <subfield code="l">0</subfield>
    <subfield code="o">HD56 F54 2014</subfield>
    <subfield code="p">18 004788</subfield>
    <subfield code="r">2018-08-08</subfield>
    <subfield code="t">1</subfield>
    <subfield code="w">2018-08-08</subfield>
    <subfield code="y">LB</subfield>
  </datafield>
  <datafield tag="952" ind1=" " ind2=" ">
    <subfield code="0">0</subfield>
    <subfield code="1">0</subfield>
    <subfield code="4">0</subfield>
    <subfield code="7">0</subfield>
    <subfield code="a">14</subfield>
    <subfield code="b">14</subfield>
    <subfield code="d">2018-08-31</subfield>
    <subfield code="l">0</subfield>
    <subfield code="o">HD56 F54 2014</subfield>
    <subfield code="p">14 007260</subfield>
    <subfield code="r">2018-08-31</subfield>
    <subfield code="t">1</subfield>
    <subfield code="w">2018-08-31</subfield>
    <subfield code="y">LB</subfield>
  </datafield>
  <datafield tag="952" ind1=" " ind2=" ">
    <subfield code="0">0</subfield>
    <subfield code="1">0</subfield>
    <subfield code="4">0</subfield>
    <subfield code="7">0</subfield>
    <subfield code="a">04</subfield>
    <subfield code="b">04</subfield>
    <subfield code="d">2018-09-17</subfield>
    <subfield code="l">0</subfield>
    <subfield code="o">HD56 F54 2014</subfield>
    <subfield code="p">04 006817</subfield>
    <subfield code="r">2018-09-17</subfield>
    <subfield code="t">1</subfield>
    <subfield code="w">2018-09-17</subfield>
    <subfield code="y">LB</subfield>
  </datafield>
  <datafield tag="952" ind1=" " ind2=" ">
    <subfield code="0">0</subfield>
    <subfield code="1">0</subfield>
    <subfield code="4">0</subfield>
    <subfield code="7">0</subfield>
    <subfield code="a">13</subfield>
    <subfield code="b">13</subfield>
    <subfield code="d">2018-10-09</subfield>
    <subfield code="l">0</subfield>
    <subfield code="o">HD56 F54 2014</subfield>
    <subfield code="p">13 004759</subfield>
    <subfield code="r">2018-10-09</subfield>
    <subfield code="t">1</subfield>
    <subfield code="w">2018-10-09</subfield>
    <subfield code="y">LB</subfield>
  </datafield>
  <datafield tag="999" ind1=" " ind2=" ">
    <subfield code="c">103119</subfield>
    <subfield code="d">103119</subfield>
  </datafield>
  <controlfield tag="008">180710s2014    m  a|||| |||| 00| 0 spa d</controlfield>
  <datafield tag="020" ind1=" " ind2=" ">
    <subfield code="a">9786079346379</subfield>
  </datafield>
  <datafield tag="050" ind1="0" ind2="4">
    <subfield code="a">HD56</subfield>
    <subfield code="b">F54 2014</subfield>
  </datafield>
  <datafield tag="100" ind1="1" ind2=" ">
    <subfield code="a">Fleitman, Jack</subfield>
    <subfield code="e">autor</subfield>
  </datafield>
  <datafield tag="245" ind1="1" ind2="0">
    <subfield code="a">Evaluaci&#xF3;n integral para implantar modelos de calidad</subfield>
    <subfield code="c">/ Jack Fleitman</subfield>
  </datafield>
  <datafield tag="250" ind1=" " ind2=" ">
    <subfield code="a">2a edici&#xF3;n</subfield>
  </datafield>
  <datafield tag="260" ind1=" " ind2=" ">
    <subfield code="a">M&#xE9;xico</subfield>
    <subfield code="b"> : Pax </subfield>
    <subfield code="c"> , 2014</subfield>
  </datafield>
  <datafield tag="300" ind1=" " ind2=" ">
    <subfield code="a">xxi, 465 p&#xE1;ginas</subfield>
    <subfield code="b">: ilustraciones</subfield>
  </datafield>
  <datafield tag="500" ind1=" " ind2=" ">
    <subfield code="a">Incluye: Glosario p. 441</subfield>
  </datafield>
  <datafield tag="500" ind1=" " ind2=" ">
    <subfield code="a">En portada: C&#xF3;mo elaborar un diagn&#xF3;stico para solucionar problemas y aumentar las ventas</subfield>
  </datafield>
  <datafield tag="504" ind1=" " ind2=" ">
    <subfield code="a">Bibliograf&#xED;a p. 463</subfield>
  </datafield>
  <datafield tag="505" ind1=" " ind2=" ">
    <subfield code="a">Evaluaci&#xF3;n integral
Coordinaci&#xF3;n de la evaluaci&#xF3;n integral
Estudios
T&#xE9;cnicas de apoyo, metodolog&#xED;a y procesos
Criterios de medici&#xF3;n e indicadores
Ejecuci&#xF3;n
Cuestionarios
Evaluaci&#xF3;n integral en el sector p&#xFA;blico
C&#xF3;mo desarrollar e implantar un modelo de calidad
Conocimientos y estrategias generales para la compra de una empresa
Dise&#xF1;o y uso de c&#xE9;dulas
Encuestas
Casos pr&#xE1;cticos
</subfield>
  </datafield>
  <datafield tag="519" ind1=" " ind2=" ">
    <subfield code="a">Material Complementario /</subfield>
    <subfield code="d">(03 009849)</subfield>
  </datafield>
  <datafield tag="519" ind1=" " ind2=" ">
    <subfield code="a">Material Complementario /</subfield>
    <subfield code="d">(04 006817)</subfield>
  </datafield>
  <datafield tag="519" ind1=" " ind2=" ">
    <subfield code="a">Material Complementario /</subfield>
    <subfield code="d">(12 004575)</subfield>
  </datafield>
  <datafield tag="519" ind1=" " ind2=" ">
    <subfield code="a">Material Complementario /</subfield>
    <subfield code="d">(13 004759)</subfield>
  </datafield>
  <datafield tag="519" ind1=" " ind2=" ">
    <subfield code="a">Material Complementario /</subfield>
    <subfield code="d">(22 001927)</subfield>
  </datafield>
  <datafield tag="519" ind1=" " ind2=" ">
    <subfield code="a">Material Complementario /</subfield>
    <subfield code="d">(20 003908)</subfield>
  </datafield>
  <datafield tag="519" ind1=" " ind2=" ">
    <subfield code="a">Material Complementario /</subfield>
    <subfield code="d">(09 004941)</subfield>
  </datafield>
  <datafield tag="519" ind1=" " ind2=" ">
    <subfield code="a">Material Complementario /</subfield>
    <subfield code="d">(18 004788)</subfield>
  </datafield>
  <datafield tag="519" ind1=" " ind2=" ">
    <subfield code="a">Material Complementario /</subfield>
    <subfield code="d">(14 007260)</subfield>
  </datafield>
  <datafield tag="650" ind1="1" ind2="4">
    <subfield code="a">EMPRESAS</subfield>
    <subfield code="x">EVALUACI&#xD3;N</subfield>
  </datafield>
  <datafield tag="650" ind1="2" ind2="4">
    <subfield code="a">EMPRESAS</subfield>
    <subfield code="x">CONTROL DE CALIDAD</subfield>
  </datafield>
  <datafield tag="942" ind1=" " ind2=" ">
    <subfield code="c">LB</subfield>
    <subfield code="2">lcc</subfield>
  </datafield>
</record>
